1139 1910 1810 1867 1459 1969 1876 1956 1650 1677 1718 1550 1476 1161 1816 1103 1548 1383 1458 1672 1059 1665 1276 1574 1361 1712 1555 1138 1502 1791 1933 1272 1908 1838 1905 1283 1148 1899 1570 1351 1724 1009 1325 1308 1448 1143 1994 1861 1070 1267 1206 1940 1500 1780 1310 1000 1194 1312 1158 1346 1720 1987 1906 1615 1545 1952 1434 1105 1729 1002 1017 1073 1013 1732 1005 1778 1567 1438 1612 1448 1936 1908 1290 1303 1899 1057 1309 1128 1515 1494 1937 1245 1036 1977 1738 1806 1825 1043 1727 BCNSPRNW ULIB Ver.6.0+V

เปลี่ยนเป็นภาษาไทย

Change to English
 แสดงรายละเอียดบรรณานุกรม
  กลับหน้าหลัก

Brief Record : Get Marc (ISO 2709) : E-mail record : QR code < ปิดหน้าต่าง
LEADER : 00000nam 2200000uu 4500
001    13399129031
003     ULIB
008    020711s2567 th a 000 0 tha d
020    ^a9786166195378
060    ^aWY100^bว528ว
100    ^aวิจิตรา กุสุมภ์
245    ^aวิชาชีพการพยาบาลและบทนำสู่การพยาบาล (NURSING PROFESSION AND INTRODUCTION TO NURSING)
250    ^aพิมพ์ครั้งที่ 1
260    ^aนนทบุรี :^bพี.เค.เค. พริ้นท์ติ้ง,^c2567
300    ^a272 หน้า
650    ^aการพยาบาล
945    ^p320^l0^i011555
945    ^p320^l0^i011556
945    ^p320^l0^i011557
945    ^p320^l0^i011558
945    ^p320^l0^i011559
999    ^aประนอม เกษจรัล
รายการนี้ยังไม่มีแท็ก
คุณยังไม่ได้ล็อกอิน คุณสามารถมีกิจกรรมร่วมกับเว็บไซต์ได้ แต่ต้องล็อกอินก่อน ::
  ล็อกอิน

รายการสื่อสารสนเทศ

ลำดับที่ ประเภท เลขเรียก/บาร์โค้ด สถานที่ สถานะ
1. Book การพยาบาล
หนังสือสำรอง
สถานะ=หนังสือสำรอง
WY100 ว528ว ฉ.1 
  Barcode: 011555
ห้องสมุดวิทยาเขตสวรรค์ประชารักษ์
►หนังสือทั่วไป
บนชั้น
2. Book การพยาบาล
Book การพยาบาล
WY100 ว528ว ฉ.2 
  Barcode: 011556
ห้องสมุดวิทยาเขตสวรรค์ประชารักษ์
►หนังสือทั่วไป
บนชั้น
3. Book การพยาบาล
Book การพยาบาล
WY100 ว528ว ฉ.3 
  Barcode: 011557
ห้องสมุดวิทยาเขตสวรรค์ประชารักษ์
►หนังสือทั่วไป
บนชั้น
4. Book การพยาบาล
Book การพยาบาล
WY100 ว528ว ฉ.4 
  Barcode: 011558
ห้องสมุดวิทยาเขตสวรรค์ประชารักษ์
►หนังสือทั่วไป
บนชั้น
5. Book การพยาบาล
Book การพยาบาล
WY100 ว528ว ฉ.5 
  Barcode: 011559
ห้องสมุดวิทยาเขตสวรรค์ประชารักษ์
►หนังสือทั่วไป
บนชั้น

รายการใกล้เคียง
    ชื่อเรื่อง [วิชาชีพการพยาบาลและบทนำสู่การพยาบาล (NURSING PROFESSION AND INTRODUCTION TO NURSING)]

    ผู้แต่ง [วิจิตรา กุสุมภ์]

    หัวเรื่อง [การพยาบาล]

BibComment


ยังไม่เคยถูกคอมเมนท์

คอมเมนท์ทรัพยากรรายการนี้
  คอมเมนท์: วิชาชีพการพยาบาล..


 Copyright 2026. Bcnsprnw @Library